000 00206 a2200097 4500
001 12257
100 _aMustansar Hussain Tarrar
245 _aQila Jungi
260 _a
_bSang-e-Meel
_c
090 _c9506
_d9506
942 _aNUST-CAE
_cM
_c36385
999 _c247330
_d247330